• 首页
  • 本馆介绍
  • 公告通知
  • 最新文献
  • 馆藏检索
  • 电子资源
  • 读者导购
  • 参考咨询
  • 我的图书馆
  • 登录
  • 详细信息显示
  • 放入我的书架
  • 预约/预借图书
  • 作者相关作品
  • 分类相关作品
  • 丛书相关作品
  • 出版社相关作品

书目信息

  • 表格格式
  • 工作单格式
  • 卡片格式
题名:
中外舞蹈艺术鉴赏与编创解析
    
 
作者: 李海燕 , 黄静 , 王璐 编著
分册:  
出版信息: 北京   中国书籍出版社  2018
页数: 270页
开本: 26cm
丛书名: 高校学术文库
单 册:
中图分类: J705 , J711.2
科图分类:
主题词: 舞蹈艺术--鉴赏 , 舞蹈编导
电子资源:
ISBN: 978-7-5068-5539-6
000 01312oam2 2200313 450
001 5309
005 20180528193719.33
010    @a978-7-5068-5539-6@dCNY56.00
100    @a20180315d2018 em y0chiy50 ea
101 0  @achi
102    @aCN@b110000
105    @aag z 000yy
200 1  @a中外舞蹈艺术鉴赏与编创解析@9zhong wai wu dao yi shu jian shang yu bian chuang jie xi@f李海燕,黄静,王璐编著
210    @a北京@c中国书籍出版社@d2018
215    @a270页@c图@d26cm
225 1  @a高校学术文库
225 1  @a艺术研究论著丛刊
330    @a本书主要围绕舞蹈鉴赏和编创加以展开。首先为舞蹈艺术理论基础,是关于舞蹈的概述性内容;接下来是舞蹈鉴赏的内容,包括舞蹈鉴赏的意义、要素分析、过程、鉴赏方法以及鉴赏能力的培养;然后是本书的核心内容之一,全面论述了舞蹈编创的参与者、舞蹈音乐、舞蹈编创的结构与构图、舞蹈动作语言、舞台布局、舞蹈编创步骤与技巧等;最后从具体舞种的角度分别论述,依次为古典舞、芭蕾舞、现代舞、中国民间舞蹈和外国民间舞蹈的作品鉴赏与编创技巧训练。
461  0 @12001 @a高校学术文库
461  0 @12001 @a艺术研究论著丛刊
606 0  @a舞蹈艺术@x鉴赏
606 0  @a舞蹈编导
690    @aJ705@v5
690    @aJ711.2@v5
701  0 @a李海燕@9li hai yan@4编著
701  0 @a黄静@9huang jing@4编著
701  0 @a王璐@9wang lu@4编著
801  0 @aCN@b91MARC@c20180315
905    @aMuseLib@dJ705@e184
    
    中外舞蹈艺术鉴赏与编创解析/李海燕,黄静,王璐编著.-北京:中国书籍出版社,2018
    270页:图;26cm.-(高校学术文库).-(艺术研究论著丛刊)
    
    
    ISBN 978-7-5068-5539-6:CNY56.00
    本书主要围绕舞蹈鉴赏和编创加以展开。首先为舞蹈艺术理论基础,是关于舞蹈的概述性内容;接下来是舞蹈鉴赏的内容,包括舞蹈鉴赏的意义、要素分析、过程、鉴赏方法以及鉴赏能力的培养;然后是本书的核心内容之一,全面论述了舞蹈编创的参与者、舞蹈音乐、舞蹈编创的结构与构图、舞蹈动作语言、舞台布局、舞蹈编创步骤与技巧等;最后从具体舞种的角度分别论述,依次为古典舞、芭蕾舞、现代舞、中国民间舞蹈和外国民间舞蹈的作品鉴赏与编创技巧训练。
●
相关链接 在E读中查询图书 在五车中查询图书 在当当中查询图书 在豆瓣中查询图书


正题名:中外舞蹈艺术鉴赏与编创解析     索取号:J705/184         预约/预借

序号 登录号 条形码 馆藏地/架位号 状态 备注
1 1112803   211128037   第一样本阅览室/ [索取号:J705/184] 在馆    
2 1112804   211128046   教育系资料室/ [索取号:J705/184] 在馆    
3 1112805   211128055   教育系资料室/ [索取号:J705/184] 在馆    
4 1112806   211128064   第一借阅区/ [索取号:J705/184] 在馆    
唐山师范学院图书馆 欢迎您!
大连网信软件有限公司© 版权所有